000 00642nam a2200277Ia 4500
005 20260324144958.0
008 008 260324s9999 xx 000 0 eng d
020 _a9780429470271
037 _aEBOOK
040 _aCRL
040 _beng
040 _cCRL
041 _2eng
041 _aeng
084 _qCRL
100 _aJeanette Raymond
_91221311
245 0 _aImplementing Pastoral Care in Schools
260 _bTaylor and Francis
260 _c1985
365 _a
365 _b180
856 _uhttp://www.taylorfrancis.com/books/9780429470271
942 _cEBOOK
999 _c1828597
_d1828597